Pump-priming for prosperity (Record no. 71313)

MARC details
000 -LEADER
fixed length control field 00944cam a2200229 4500
001 - CONTROL NUMBER
control field AB65994
008 - FIXED-LENGTH DATA ELEMENTS--GENERAL INFORMATION
fixed length control field 021007n2002 000 0 eng u
035 ## - SYSTEM CONTROL NUMBER
System control number (Sirsi) u120013
245 ## - TITLE STATEMENT
Title Pump-priming for prosperity
260 ## - PUBLICATION, DISTRIBUTION, ETC.
Date of publication, distribution, etc. 2002
490 ## - SERIES STATEMENT
Series statement Estates Gazette
Volume/sequential designation (0236) 7 September 2002, 140-141(2)
520 ## - SUMMARY, ETC.
Summary, etc. "Mainly for students" review of the key organisations involved in urban regeneration, providing a guide to their functions and remits. Focuses on regional development agencies (RDAs) detailing Advantage West Midlands and looks at the work of RICS Policy Unit and RICS Regeneration Forum. Concludes with information on funding regeneration.
590 ## - LOCAL NOTE (RLIN)
Local note ABS
650 ## - SUBJECT ADDED ENTRY--TOPICAL TERM
Topical term or geographic name entry element URBAN REGENERATION
650 ## - SUBJECT ADDED ENTRY--TOPICAL TERM
Topical term or geographic name entry element REGIONAL DEVELOPMENT AGENCIES
650 ## - SUBJECT ADDED ENTRY--TOPICAL TERM
Topical term or geographic name entry element RDAS
650 ## - SUBJECT ADDED ENTRY--TOPICAL TERM
Topical term or geographic name entry element RICS REGENERATION FORUM
650 ## - SUBJECT ADDED ENTRY--TOPICAL TERM
Topical term or geographic name entry element RICS POLICY UNIT
650 ## - SUBJECT ADDED ENTRY--TOPICAL TERM
Topical term or geographic name entry element ADVANTAGE WEST MIDLANDS CPD CENTRE
690 ## - LOCAL SUBJECT ADDED ENTRY--TOPICAL TERM (OCLC, RLIN)
Topical term or geographic name as entry element REGENERATION
942 ## - ADDED ENTRY ELEMENTS (KOHA)
Suppress in OPAC 0
Holdings
Withdrawn status Lost status Source of classification or shelving scheme Damaged status Not for loan Home library Current library Shelving location Date acquired Total Checkouts Full call number Barcode Date last seen Copy number Price effective from Koha item type
    Dewey Decimal Classification     London London Journal article 07/10/2002   AB65994 120013-1001 06/08/2019 1 06/08/2019 Journal article